000 00284 a2200133 4500
001 48048
040 _cAnchieta - Aquarius
100 _aAlencar, José de
240 1 0 _aCinco Minutos
_lpor
245 1 0 _aCinco Minutos
300 _a38
650 4 _aLiteratura brasileira
942 _cBK
999 _c48048
_d48048